[Event "Charleroi op 4th"]
[Site "Charleroi"]
[Date "2005.08.02"]
[Round "5"]
[White "Kocur, Marc"]
[Black "Vandenbruaene, Andre"]
[Result "1-0"]
[WhiteElo "1962"]
[BlackElo "1641"]
[PlyCount "47"]
[EventDate "2005.07.30"]
[EventType "swiss"]
[EventRounds "9"]
[EventCountry "BEL"]
[SourceTitle "EXT 2006"]
[Source "ChessBase"]
[SourceDate "2005.11.24"]
[SourceVersion "1"]
[SourceVersionDate "2005.11.24"]
[SourceQuality "1"]

1. e4 b6 2. Bc4 Bb7 3. d3 Nf6 4. Nc3 e6 5. Bg5 Be7 6. Qf3 Nc6 7. Qh3 Ne5 8. Bb3 0-0 9. 0-0-0 d5 10. f4 Ned7 11. Nf3 Nc5 12. Rhg1 Nxb3+ 13. axb3 Ne8 14. Rde1 Bxg5 15. Nxg5 h6 16. Nf3 d4 17. Ne2 c5 18. Ne5 Nf6 19. g4 Nd7 20. Nf3 f5 21. gxf5 exf5 22. Qxh6 Qf6 23. Rg6 Qe7 24. Reg1 1-0